000 00504nam a2200193 a 4500
001 1769939801922
003 YourLibrary
005 20260201163728.0
008 260201s2005##################000#0#eng##
020 _a9780691122458
082 0 4 _a305.094
_bFIT
100 1 _aFitzpatrick, Sheila,
_eauthor.
245 1 0 _aTear Off the Masks! :
260 _bPrinceton University Press,
_c2005.
300 _a344 pages
650 0 _aHistory.
942 _cENGLISH
040 _aYourLibrary
_beng
_cYourLibrary
999 _c609716
_d609716